R. L. Stevenson adventure romance in his salect novels / (Record no. 40951)

MARC details
000 -LEADER
fixed length control field 00676nam a22001937a 4500
005 - DATE AND TIME OF LATEST TRANSACTION
control field 20100811125025.0
010 ## - LCCN (DPL NO)
LC control number ENG-99613
020 ## - INTERNATIONAL STANDARD BOOK NUMBER
Terms of availability 70.00
035 ## - SYSTEM CONTROL NUMBER
System control number EN-83145
037 ## - SOURCE OF ACQUISITION
Source of stock number/acquisition DBAD/PUB
082 ## - DEWEY DECIMAL CLASSIFICATION NUMBER
Classification number 883.08
100 ## - MAIN ENTRY--PERSONAL NAME
Personal name Raja, K.
245 ## - TITLE STATEMENT
Title R. L. Stevenson adventure romance in his salect novels /
Statement of responsibility, etc by K. Raja
260 ## - PUBLICATION, DISTRIBUTION, ETC. (IMPRINT)
Place of publication, distribution, etc Chennai
Name of publisher, distributor, etc Kamaleeswaran & Co Publishers
Date of publication, distribution, etc 2007
270 ## - ADDRESS
Address 63, Thoppai Street, Royapuram
City Chennai
Postal code 13
300 ## - PHYSICAL DESCRIPTION
Extent 98p.
Dimensions 20cm (pbk)
942 ## - ADDED ENTRY ELEMENTS (KOHA)
Source of classification or shelving scheme Dewey Decimal Classification
Item type English Books
Classification part 883.08
Call number suffix RAJ
Holdings
Withdrawn status Lost status Not for loan Collection code Home library Current library Date acquired Source of acquisition Cost, normal purchase price Full call number Barcode Copy number Cost, replacement price Koha item type
    Not For Loan Non-fiction D.B.Act.Division D.B.Act.Division 11/08/2010 DBAD/PUB 70.00 883.08 RAJ EN-83145 1 70.00 English Books

© Delhi Public Library
Hit Counter
free hit counter